000 00314nam a2200121Ia 4500
005 20260328104307.0
008 260328s9999||||xx |||||||||||||| ||und||
100 _aJodidio, Philip
245 0 _aSerpentine Gallery Paviolions /
_cPhilip Jodidio
260 _btaschen
650 _aARQUITECTURA MODERNA
942 _cBK
999 _c10790
_d10790